000 00956cam a2200301Mi 4500
999 _c3505
_d3505
001 ocn871310187
003 OCoLC
005 20170829114353.0
008 140304s2011 xx 001 0 eng d
016 7 _a015964454
_2Uk
020 _a9781107661479
_q(pbk.)
020 _a1107661471
_q(pbk.)
035 _a(OCoLC)871310187
_z(OCoLC)758397297
040 _aAUAMR
_beng
_cAUAMR
_dBTCTA
_dUKMGB
_dTEF
_dOCLCF
_dOCLCO
_dOCL
_dOCLCQ
049 _aTZAA
050 4 _aPN6110.C4
_bB22 2012
100 1 _aBain, A. Watson
_q(Archibald Watson)
245 1 2 _aA poetry book for children /
_ccompiled by A. Watson Bain.
250 _a1st pbk. ed.
260 _aCambridge [U.K.] :
_bCambridge University Press,
_c2011.
300 _axiv, 103 pages ;
_c21 cm
500 _aIncludes index.
500 _aOriginally published : 1927.
600 _2on order
650 0 _aChildren's poetry, English.
650 7 _aChildren's poetry, English.
_2fast
942 _2lcc
_cBOOK